| 000 | 00845nam a22002417a 4500 | ||
|---|---|---|---|
| 999 |
_c162127 _d162127 |
||
| 005 | 20190813161755.0 | ||
| 010 | _a1819CHEN B-719167-181 | ||
| 020 |
_a9780007512225 _c350.00 |
||
| 035 | _aB-719167-181 | ||
| 035 | _aB-728586 | ||
| 037 | _bBlueberry | ||
| 082 | _aS | ||
| 100 | _aLean, Sarah | ||
| 245 |
_aThe forever whale / _cby Sarah Lean ; illustrated by Gary Blythe |
||
| 260 |
_aLondon _bHarperCollins Children's Books _c2018 |
||
| 270 |
_a1 London Bridge Street _bLondon _eSE1 9GF |
||
| 300 |
_a255p.: _bill. _c20cm(pbk) |
||
| 500 | _aAirport | ||
| 700 | _aBlythe, Gary | ||
| 942 |
_2ddc _cCH _mLEA _hS |
||